Historia Sagrada infantil, o sea sesenta hechos bíblicos ilustrados. Antiguo y Nuevo Testamento. Primer grado
Saved in:
| Format: | Unknown |
|---|---|
| Language: | Spanish |
| Published: |
Madrid
Bruño
1949
|
| Textbook Catalogue: | MANES: Library Catalog Search Result |
| Textbook Classification: |
|
| Tags: |
Add Tag
No Tags, Be the first to tag this record!
|
| Added to: | 2016-04-26 |
MARC
| LEADER | 000000000a22000000004500 | ||
|---|---|---|---|
| 001 | 01815 | ||
| 003 | OSt | ||
| 008 | 160427s sp ||||| |||| 00| 0 spa d | ||
| 040 | |c centro_manes | ||
| 041 | 1 | |a spa | |
| 691 | 7 | |a PRI | |
| 245 | 0 | 0 | |a Historia Sagrada infantil, o sea sesenta hechos bíblicos ilustrados. Antiguo y Nuevo Testamento. Primer grado |
| 260 | 3 | |a Madrid |b Bruño |c 1949 | |
| 300 | |a 68 p. |c 17x12 cm | ||
| 500 | |a Fecha de publicación tomada del Copyright | ||
| 690 | 7 | |a RyM | |
| 942 | |2 ddc |c BK | ||
| 546 | |a España | ||
| 999 | |c 7789 |d 7789 | ||
| 999 | |c manes:7789 |d 7789 | ||